书目信息 |
| 题名: |
安全系统工程常用方法实战
|
|
| 作者: | 宋冰雪 主编 | |
| 分册: | ||
| 出版信息: | 北京 化学工业出版社 2025.06 |
|
| 页数: | 248页, [2] 页图版 | |
| 开本: | 26cm | |
| 丛书名: | ||
| 单 册: | ||
| 中图分类: | X913.4 | |
| 科图分类: | ||
| 主题词: | 安全系统工程--an quan xi tong gong cheng | |
| 电子资源: | ||
| ISBN: | 978-7-122-46536-8 | |
| 000 | 01090nam0 2200241 450 | |
| 001 | 91980 | |
| 005 | 20250817163036.91 | |
| 010 | @a978-7-122-46536-8@dCNY89.00 | |
| 100 | @a20250520d2025 em y0chiy50 ea | |
| 101 | 0 | @achi |
| 102 | @aCN@b110000 | |
| 105 | @aafk a 000yy | |
| 106 | @ar | |
| 200 | 1 | @a安全系统工程常用方法实战@Aan quan xi tong gong cheng chang yong fang fa shi zhan@f宋冰雪主编 |
| 210 | @a北京@c化学工业出版社@d2025.06 | |
| 215 | @a248页, [2] 页图版@c图 (部分彩图)@d26cm | |
| 320 | @a有书目 (第247-248页) | |
| 330 | @a本书参照安全生产法律法规、技术标准以及安全系统工程相关理论知识, 以安全系统分析为基础, 通过对各类典型案例的分类解析, 说明安全系统工程常见分析方法在实际安全工作中是如何科学应用和发挥作用的, 包括预先危险性分析、作业条件危险性分析等。在每个针对性案例中详细展示如何开展系统安全分析及定性定量评价等内容。书中案例涉及生产制造、交通、建筑、城市运行等行业领域。 | |
| 606 | 0 | @a安全系统工程@Aan quan xi tong gong cheng |
| 690 | @aX913.4@v5 | |
| 701 | 0 | @a宋冰雪@Asong bing xue@4主编 |
| 801 | 0 | @aCN@c20250909 |
| 905 | @a河南城建学院图书馆@dX913.4@eS755@f1 | |
| 安全系统工程常用方法实战/宋冰雪主编.-北京:化学工业出版社,2025.06 |
| 248页, [2] 页图版:图 (部分彩图);26cm |
| ISBN 978-7-122-46536-8:CNY89.00 |
| 本书参照安全生产法律法规、技术标准以及安全系统工程相关理论知识, 以安全系统分析为基础, 通过对各类典型案例的分类解析, 说明安全系统工程常见分析方法在实际安全工作中是如何科学应用和发挥作用的, 包括预先危险性分析、作业条件危险性分析等。在每个针对性案例中详细展示如何开展系统安全分析及定性定量评价等内容。书中案例涉及生产制造、交通、建筑、城市运行等行业领域。 |
| ● |
| 相关链接 |
|
|
|
正题名:安全系统工程常用方法实战
索取号:X913.4/S755
 
预约/预借
| 序号 | 登录号 | 条形码 | 馆藏地/架位号 | 状态 | 备注 |
| 1 | 1625944 | 216259448 | 自科库501/501自科库 119排1列3层/ [索取号:X913.4/S755] | 在馆 |